| 000 | 00829cam a22002531 4500 | ||
|---|---|---|---|
| 001 | 73117 | ||
| 003 | BD-RjUL | ||
| 005 | 20211209082342.0 | ||
| 008 | 760827s1953 nyua 001 0 eng | ||
| 035 | _a(BD-RjUL)73335 | ||
| 040 |
_aDLC _cTxEU _dDLC _beng |
||
| 041 | _aeng | ||
| 082 |
_a62l.38411 _223 _bREU 1953 |
||
| 100 | 1 |
_aReed, Henry R. _q(Henry Rouse), _d1904-1975. _9216133 |
|
| 245 | 1 | 0 |
_aUltra high frequency propagation / _cby Henry R. Reed and Carl M. Russell, assisted by W. M. Browne and W. Plummer. |
| 260 |
_aNew York : _bWiley, _c1953 |
||
| 300 |
_a562 p. : _bill. ; _c24 cm. |
||
| 650 | 0 |
_aShortwave radio. _9216287 |
|
| 650 | 0 |
_a Wave propagation and transmission _9216288 |
|
| 650 | 0 |
_aRadio waves. _9202399 |
|
| 700 | 1 |
_aRussell, Carl M., _ejoint author. _9216289 |
|
| 942 |
_2ddc _cBK |
||
| 999 |
_c73117 _d73117 |
||